| 000 | 00667nam a2200289Ia 4500 | ||
|---|---|---|---|
| 005 | 20260324122732.0 | ||
| 008 | 008 260324s9999 xx 000 0 eng d | ||
| 020 | _a9780203080337 | ||
| 037 | _aEBOOK | ||
| 040 | _aCRL | ||
| 040 | _beng | ||
| 040 | _cCRL | ||
| 041 | _2eng | ||
| 041 | _aeng | ||
| 084 | _qCRL | ||
| 100 |
_aEmanuel Adler _91167609 |
||
| 245 | 0 | _aIsrael in the World | |
| 245 | 0 | _bLegitimacy and Exceptionalism | |
| 260 | _bTaylor and Francis | ||
| 260 | _c2012 | ||
| 365 | _a | ||
| 365 | _b230 | ||
| 856 | _uhttp://www.taylorfrancis.com/books/9780203080337 | ||
| 942 | _cEBOOK | ||
| 999 |
_c1760577 _d1760577 |
||